000 00466nam a2200169Ia 4500
003 GCL
008 140319s9999 xx 000 0 ara d
040 _aGCL /
_cGCL
082 0 4 _a833.03
_bب ب
100 1 _aشفيق مقار
245 1 0 _aالبنسات الثلاثة /
_cشفيق مقار
700 1 _aبربخت، برتولد
490 _aروايات الهلال
_v0
650 0 4 _aالادب
650 0 4 _aالادب الالمانى
942 _2ddc
_cBK
999 _c39742
_d39742